000
00305pab a2200133 454500
008
180718b1985 xxu||||| |||| 00| 0 eng d
245
_a
Spiralling raw jute prices
260
_c
1985
300
_a
1184-6
362
_a
22 June
650
_a
Jute Industry and Trade
773
_a
Commerce
909
_a
11600
999
_c
11600
_d
11600